Normal view
MARC view
Entry Topical Term
001 - CONTROL NUMBER
- control field: 19216
003 - CONTROL NUMBER IDENTIFIER
- control field: OSt
005 - DATE AND TIME OF LATEST TRANSACTION
- control field: 20201110162030.0
008 - FIXED-LENGTH DATA ELEMENTS
- fixed length control field: 201110|| aca||aabn | a|a d
040 ## - CATALOGING SOURCE
- Original cataloging agency: OSt
- Transcribing agency: OSt
150 ## - HEADING--TOPICAL TERM
- Topical term or geographic name entry element: Community sustainability, Arts and culture nonprofits, Organizational strategy, Human resource capacity, Performance measurement
670 ## - SOURCE DATA FOUND
- Source citation: Work cat.: (OSt): Moldavanova, Alisa V. and Wirght Nathaniel S. 19215, How nonprofit arts organizations sustain communities: Examining the relationship between organizational strategy and engagement in community sustainability
